E-vel kezdődő országok - Statistics

General Stats
  • This quiz has been taken 210 times
  • The average score is 8 of 13
Answer Stats
Ország % Correct
Etiópia
84%
Eritrea
78%
Észtország
78%
Egyiptom
75%
Ecuador
73%
Egyesült Királyság
72%
Egyesült Arab Emírségek
59%
Egyesült Államok
58%
Észak-Korea
58%
Egyenlítői-Guinea
52%
Elefántcsontpart
49%
Észak-Macedónia
45%
El Salvador
44%
No matching quizzes found
Score Distribution
Percent of People with Each Score
Percentile by Number Answered
Your Score History
You have not taken this quiz